The Iliad - Character Quiz - Statistics

General Stats
  • This quiz has been taken 39 times
  • The average score is 10 of 11
Answer Stats
Hint Answer % Correct
The greatest warrior of the Greeks; killed with an arrow to the heel Achilles
100%
The prince and greatest warrior of Troy Hector
100%
The most beautiful woman in the world; seduced to leave her husband by a prince of Troy Helen
100%
Clever king of Ithaca; the mastermind behind the Trojan Horse Odysseus
97%
The prince of Troy who is responsible for seducing the king of Sparta's wife and inciting the war Paris
97%
The king of Mycenae and leader of the Greek expedition to Troy Agamemnon
86%
The elderly king of Troy Priam
86%
The tallest and second greatest warrior of the Greeks; prince of Salamis Ajax the Great
77%
The king of Sparta who loses his wife to a prince of Troy Menelaus
77%
Greek warrior; best friend and potentially the lover of #4 Patroclus
71%
Trojan warrior who, according to Virgil's famous epic, is an ancestor of the Romans Aeneas
63%
No matching quizzes found
Score Distribution
Percent of People with Each Score
Percentile by Number Answered
Your Score History
You have not taken this quiz